000 00568nam a2200169 a 4500
001 000036313
005 20250527113226.0
008 120113s1983 xxua 000 0 spa d
040 _aDO-SdBNP
_bspa
_cBNPHU
100 1 _aFink, Stephen L.
_962467
245 1 0 _aDesigning and managing organizations /
_cStephen L. Fink, R. Stephen Jenks, Robin D. Willits.
260 _aIllinois :
_bRichard D. Irwin,
_c1983.
300 _axviii, 648 p. ;
_c24 cm.
650 2 0 _aAdministración industrial
_95872
700 1 _aJenks, R. Stephen
_962468
700 1 _aWillts, Robin D.
_962469
999 _c35804
_d35804